Agricultural management of common land (Record no. 73393)
[ view plain ]
| 000 -LEADER | |
|---|---|
| fixed length control field | 00972cam a2200193 4500 |
| 001 - CONTROL NUMBER | |
| control field | WB3934-22 |
| 008 - FIXED-LENGTH DATA ELEMENTS--GENERAL INFORMATION | |
| fixed length control field | 030911n2003 000 0 eng u |
| 035 ## - SYSTEM CONTROL NUMBER | |
| System control number | (Sirsi) u123563 |
| 245 ## - TITLE STATEMENT | |
| Title | Agricultural management of common land |
| 260 ## - PUBLICATION, DISTRIBUTION, ETC. | |
| Date of publication, distribution, etc. | 2003 |
| 490 ## - SERIES STATEMENT | |
| Series statement | DEFRA News Release |
| Volume/sequential designation | (344/03) 22 August 2003 (3) |
| 520 ## - SUMMARY, ETC. | |
| Summary, etc. | A consultation aiming for more effective management of common land. Proposals include measures to enable self regulation of commons by statutory commons associations, powers of last resort for the Secretary of State, National Assembly for Wales and nature conservation bodies, and advice on practice from new regional advisory bodies. The consultation is open until 14 November 2003. http://www.defra.gov.uk/news/2003/030822a.htm. http://www.defra.gov.uk/corporate/consult/common-land/consultdoc.pdf |
| 590 ## - LOCAL NOTE (RLIN) | |
| Local note | WB |
| 650 ## - SUBJECT ADDED ENTRY--TOPICAL TERM | |
| Topical term or geographic name entry element | CONSULTATION DOCUMENT |
| 650 ## - SUBJECT ADDED ENTRY--TOPICAL TERM | |
| Topical term or geographic name entry element | COMMON LAND |
| 650 ## - SUBJECT ADDED ENTRY--TOPICAL TERM | |
| Topical term or geographic name entry element | DEFRA |
| 690 ## - LOCAL SUBJECT ADDED ENTRY--TOPICAL TERM (OCLC, RLIN) | |
| Topical term or geographic name as entry element | Rural |
| 9 (RLIN) | 6268 |
| 942 ## - ADDED ENTRY ELEMENTS (KOHA) | |
| Suppress in OPAC | 0 |
| Withdrawn status | Lost status | Source of classification or shelving scheme | Damaged status | Not for loan | Home library | Current library | Shelving location | Date acquired | Total Checkouts | Full call number | Barcode | Date last seen | Copy number | Price effective from | Koha item type |
|---|---|---|---|---|---|---|---|---|---|---|---|---|---|---|---|
| Dewey Decimal Classification | London | London | News article | 11/09/2003 | WB3934-22 | 123563-1001 | 06/08/2019 | 1 | 06/08/2019 | News article |